La Corrupción es un costo fijo
保存先:
| フォーマット: | テキスト |
|---|---|
| 言語: | Spanish |
| 主題: | |
| タグ: |
タグ追加
タグなし, このレコードへの初めてのタグを付けませんか!
|
MARC
| LEADER | 00000 a a2200000 04500 | ||
|---|---|---|---|
| 001 | 6714 | ||
| 003 | cru IIS | ||
| 005 | 20220126113613.0 | ||
| 008 | 220126b |||||||| |||| 00| 0 spa d | ||
| 040 | |c cru IIS | ||
| 245 | |a La Corrupción es un costo fijo | ||
| 500 | |a Colección Centroamérica | ||
| 650 | |a CORRUPCION | ||
| 650 | |a GOBIERNO | ||
| 650 | |a EMPRESAS PRIVADAS | ||
| 650 | |a EL SALVADOR | ||
| 773 | |g volumen 25, número 1138; páginas 2-3 | ||
| 773 | 0 | |0 42115 |9 6519 |a Universidad Centroamericana José Simeón Cañas (UCA) |d San Salvador, El Salvador: Universidad Centroamericana José Simeón Cañas. Centro Universitario de Documentación e Información |o 00933 |t El Salvador Proceso: |x 02599864 | |
| 942 | |2 ddc |c PP | ||
| 999 | |c 26308 |d 26308 | ||
